00718 2200253 4500001002100000005001700021035002500038040001200063082002200075084002600097090002600123100003400149245008300183250001000266260003100276300003600307500001100343504002700354650002300381850001200404990001600416990001600432990001600448YOGYA00000000009925620160428102328.0 a0010-101300000000137 aYOPDYOG 2[22]a808.5095982 aNUS 808.5095982 Suw G aNUS 808.5095982 Suw G aSUWARNA PRINGGAWIDAGDA, 1964- aGita wicara Jawib: Pranatacara saha pamedhar sabdac/ Suwarna Pringgawidagda. aCet.1 aYogyakartabKanisiusc1998 a184 hlm.bilus.c21 cm (3 eks.) aIndeks aBibliografi : hlm. 181 aPembawa acara-Jawa aYOPDYOG a0217/B.2013 a0218/B.2013 a0219/B.2013